La contribución del Web 3 al nuevo derecho mercantil y de la empresa. (Registro nro. 21518)

Detalles MARC
000 -LEADER
fixed length control field 00358 a2200109 4500
001 - CONTROL NUMBER
control field ART_57215
005 - DATE AND TIME OF LATEST TRANSACTION
control field 20260410161812.0
008 - FIXED-LENGTH DATA ELEMENTS--GENERAL INFORMATION
fixed length control field 260409a
100 1# - MAIN ENTRY--PERSONAL NAME
Personal name Dasso, Ariel G.
245 10 - TITLE STATEMENT
Title La contribución del Web 3 al nuevo derecho mercantil y de la empresa.
773 0# - HOST ITEM ENTRY
Title Doctrina Societaria y Concursal
Related parts - N° 419 (oct. 2022)
Record control number REV4298

No hay ítems disponibles.